000 01561nam0a2200289 4500
001 RU\NLR\bibl\1458470
005 20260405181027.0
010 _a978-5-406-00462-3
_92000
021 _aRU
_b2009-91724
_95797
035 _a(NLR Aleph) 001450251
090 _a1518545
_c1518545
100 _a20100111d2010 |||y0rusy50 ca
101 0 _arus
102 _aRU
105 _aa |||||||||
200 1 _aЭкономическая математика
_eучебное пособие для студентов вузов, обучающихся по направлению 220700 "Организация и управление наукоемкими производствами", специальности 220701 "Менеджмент высоких технологий", а также для студентов инженерно-экономических специальностей
_fС.В. Ковалев
210 _aМосква
_cКнорус
_d2010
215 _a248 с.
_cил.
_d22
320 _aБиблиогр.: с. 244-248 (81 назв.)
606 1 _aЭкономика
_jУчебные издания для высших учебных заведений
_xМатематические методы
_92093364
_3RU\NLR\auth\661266827
686 _aУ.в611я73
700 1 _4070
_8rus
_7ca
_aКовалев
_bС. В.
_cканд. филос. наук, техника
_gСергей Викторович
_3RU\NLR\auth\7777919
_960847
801 0 _aRU
_bNLR
_c20100111
_gRCR
801 1 _aRU
_bNLR
_c20100111
942 _cBOOK
980 _aNB